000 01190cam8a220028901 4500
001 tmp15794503
003 UPRA
005 20190822111859.0
007 sdubsmennmpune
008 951031s1977 nyu eng u
028 0 2 _aNW 219 New World Records
_bNW 219 New World Records
035 _a(Sirsi) r51317
035 _a(UPRA)tmp15794503
040 _cUPRA
100 1 _aCarter, Elliot Cook.
_6A9391.1
245 1 0 _aTo music
_h[sound recording].
260 _aNew York :
_bNew World Records,
_c1977.
500 _aWith: R. Thompson, Americana and S. Shifrin, The odes of Shang.
500 _aProgram notes on rear of sleeve.
504 _aNotes, 4 p., illus. by Robert Morgan including selected bibliography and discography inside sleeve.
511 0 9 _aPerformed by the University of Michigan Chamber Choir and members of the University of Michigan Symphony Orchestra conducted by Thomas Hilbish.
650 0 _aChoruses (Mixed voices), Unaccompanied.
_6S6248.1
700 _a12a35.1..1.12 t35.1..14.10
_hSound recording.
_6A9392.1
700 _a12a35.2..1.11 t35.2..13.14
_hSound recording.
_6A9393.1
949 _aM1530
_wlcc
_i-65063
_mMAIN
_tBOOK
_lON-SHELF
004 51317
999 _c132551
_d132551